[Event "FRA-chT1 0910"]
[Site "France"]
[Date "2009.10.18"]
[Round "3.2"]
[White "Shirazi, Kamran "]
[Black "Delorme, Axel"]
[Result "1/2-1/2"]
[WhiteElo "2433"]
[BlackElo "2424"]
[PlyCount "58"]
[EventDate "2009.09.27"]
[EventType "team-match"]
[EventRounds "11"]
[EventCountry "FRA"]
[Source "ChessBase"]
[SourceDate "2010.02.25"]
[BlackTeam "Clichy"]

1. e4 e5 2. Nf3 Nc6 3. Bb5 Nf6 4. d3 d6 5. c4 Bd7 6. Nc3 g6 7. d4 exd4 8. Nxd4
Bg7 9. O-O O-O 10. Bxc6 bxc6 11. f3 a5 12. Rb1 Qc8 13. b3 Re8 14. Kh1 d5 15.
exd5 cxd5 16. a4 c5 17. Ndb5 d4 18. Bg5 dxc3 19. Bxf6 Bxf6 20. Qxd7 Qd8 21. Qd5
Qxd5 22. cxd5 Rad8 23. Rbc1 Re2 24. Nxc3 Bxc3 25. Rxc3 Rxd5 26. h3 Rdd2 27. Rg1
Rc2 28. Rd3 c4 29. bxc4 Rxc4 1/2-1/2

[Event "FRA-chT1 0910"]
[Site "France"]
[Date "2009.10.18"]
[Round "3.2"]
[White "Winants, Luc"]
[Black "Brochet, Philippe"]
[Result "0-1"]
[WhiteElo "2536"]
[BlackElo "2380"]
[PlyCount "114"]
[EventDate "2009.09.27"]
[EventType "team-match"]
[EventRounds "11"]
[EventCountry "FRA"]
[Source "ChessBase"]
[SourceDate "2010.02.25"]
[WhiteTeam "Cappelle"]

1. d4 d5 2. Nf3 Nf6 3. c4 dxc4 4. e3 Be6 5. Nc3 h6 6. Ne5 c5 7. d5 Bxd5 8. Nxd5
Qxd5 9. Qxd5 Nxd5 10. Bxc4 e6 11. Bb5+ Nc6 12. Bxc6+ bxc6 13. Ke2 Rc8 14. e4
Nb4 15. Be3 Bd6 16. Nc4 Be7 17. Rhd1 Nc2 18. Rac1 Nxe3 19. Kxe3 Rc7 20. Rc3 O-O
21. Rb3 g5 22. Rbd3 Rb8 23. g3 g4 24. h3 gxh3 25. f4 Bf6 26. e5 Bg7 27. Rh1 f6
28. Rxh3 fxe5 29. fxe5 Rb4 30. b3 a5 31. a3 Rb8 32. a4 Rf7 33. Rh1 Rf5 34. Ke4
Rb4 35. Ke3 Bxe5 36. Rxh6 Bd4+ 37. Ke4 Bf6 38. Rh3 Re5+ 39. Kf4 Rd5 40. g4 Kg7
41. Rhf3 Be5+ 42. Ke4 Bc7 43. Rfe3 Rb8 44. Kf3 Rh8 45. g5 Rh3+ 46. Kg4 Rh1 47.
Rxd5 cxd5 48. Rxe6 dxc4 49. bxc4 Bd8 50. Rd6 Bb6 51. Re6 Rb1 52. Rd6 Kf8 53.
Kf5 Ke7 54. Re6+ Kd7 55. Rh6 Bd8 56. Rh7+ Be7 57. Rh4 Rf1+ 0-1

[Event "FRA-chT1 0910"]
[Site "France"]
[Date "2009.10.18"]
[Round "3.3"]
[White "Cotonnec, Melkior"]
[Black "Do, Huu Thi"]
[Result "1/2-1/2"]
[WhiteElo "2289"]
[BlackElo "2195"]
[PlyCount "109"]
[EventDate "2009.09.27"]
[EventType "team-match"]
[EventRounds "11"]
[EventCountry "FRA"]
[Source "ChessBase"]
[SourceDate "2010.02.25"]

1. e4 d5 2. exd5 Qxd5 3. Nc3 Qd6 4. d4 Nf6 5. Nf3 c6 6. Bc4 Bg4 7. Be3 e6 8. h3
Bh5 9. g4 Bg6 10. Ne5 Nbd7 11. Nxg6 hxg6 12. Qe2 Be7 13. O-O-O b5 14. Bd3 Nb6
15. Ne4 Nxe4 16. Bxe4 Nd5 17. Bd2 g5 18. Kb1 Rb8 19. Bxd5 cxd5 20. Rdf1 Rb7 21.
f4 gxf4 22. Bxf4 Qc6 23. Be5 f6 24. Bg3 Bd8 25. h4 Rf7 26. Re1 Kd7 27. Qd3 Re7
28. Re3 Qc4 29. Qa3 Qxd4 30. Qd6+ Ke8 31. Rxe6 Kf7 32. Rxe7+ Bxe7 33. Qd7 Rd8
34. Qf5 Qe4 35. Rf1 g6 36. Qf3 Qxf3 37. Rxf3 Ke6 38. Kc1 d4 39. Kd2 Bd6 40.
Bxd6 Rxd6 41. Kd3 Ke5 42. Rf1 f5 43. Rg1 Kf4 44. gxf5 gxf5 45. h5 Ke5 46. Re1+
Kd5 47. Rf1 Ke5 48. Re1+ Kd5 49. Re7 Rh6 50. Rxa7 Rxh5 51. Rd7+ Ke5 52. Re7+
Kd5 53. Rd7+ Ke5 54. Re7+ Kd5 55. Rd7+ 1/2-1/2

[Event "FRA-chT1 0910"]
[Site "France"]
[Date "2009.10.18"]
[Round "3.3"]
[White "Poignot, Quentin"]
[Black "Lamoureux, Charles"]
[Result "0-1"]
[WhiteElo "2136"]
[BlackElo "2374"]
[PlyCount "49"]
[EventDate "2009.09.27"]
[EventType "team-match"]
[EventRounds "11"]
[EventCountry "FRA"]
[Source "ChessBase"]
[SourceDate "2010.02.25"]

1. e4 c5 2. Nf3 e6 3. d4 cxd4 4. Nxd4 a6 5. c4 Qc7 6. Nc3 Nf6 7. a3 Nc6 8. Nxc6
dxc6 9. Bd3 e5 10. O-O Be6 11. Bg5 Be7 12. Rc1 Rd8 13. Qe2 h6 14. Bxf6 Bxf6 15.
b4 O-O 16. Rfd1 Bg5 17. Rc2 Rd4 18. Nd5 Qd7 19. Nb6 Qd8 20. Na4 Be7 21. Rcd2 a5
22. Nc5 Bxc5 23. bxc5 Qc7 24. Qe3 Rfd8 25. Be2 0-1

[Event "FRA-chT1 0910"]
[Site "France"]
[Date "2009.10.18"]
[Round "3.4"]
[White "Dobrev, Nanko"]
[Black "Debray, Christopher"]
[Result "1/2-1/2"]
[WhiteElo "2377"]
[BlackElo "2362"]
[PlyCount "78"]
[EventDate "2009.09.27"]
[EventType "team-match"]
[EventRounds "11"]
[EventCountry "FRA"]
[Source "ChessBase"]
[SourceDate "2010.02.25"]
[WhiteTeam "Grasse Echecs"]

1. d4 Nf6 2. Nf3 e6 3. c4 c5 4. d5 b5 5. Bg5 exd5 6. cxd5 d6 7. a4 a6 8. axb5
Be7 9. Nc3 O-O 10. e3 Bb7 11. bxa6 Nxa6 12. Bc4 Nb4 13. Rxa8 Qxa8 14. O-O Nfxd5
15. Bxe7 Nxe7 16. Qxd6 Bxf3 17. gxf3 Qxf3 18. Be2 Qb7 19. Qxc5 Rb8 20. Rd1 Ng6
21. Bb5 Nc2 22. Rd7 Qf3 23. Qd6 Rf8 24. Qd1 Qh3 25. Rd8 Nxe3 26. Rxf8+ Nxf8 27.
fxe3 Qxe3+ 28. Kh1 h5 29. Be2 Ne6 30. Bxh5 Nf4 31. Be2 g6 32. Qf1 Qd2 33. Bc4
Kg7 34. Ne2 Ne6 35. Bxe6 fxe6 36. Nf4 Qe3 37. b4 Qe4+ 38. Kg1 g5 39. Qa1+ Kh7
1/2-1/2

[Event "FRA-chT1 0910"]
[Site "France"]
[Date "2009.10.18"]
[Round "3.4"]
[White "Fougerit, Valentin"]
[Black "Desbonnes, Samy"]
[Result "1/2-1/2"]
[WhiteElo "2233"]
[BlackElo "2332"]
[PlyCount "143"]
[EventDate "2009.09.27"]
[EventType "team-match"]
[EventRounds "11"]
[EventCountry "FRA"]
[Source "ChessBase"]
[SourceDate "2010.02.25"]

1. e4 c5 2. Nf3 Nc6 3. Bb5 g6 4. Bxc6 dxc6 5. d3 Bg7 6. h3 b6 7. Nc3 e5 8. Be3
Qe7 9. O-O Nf6 10. a3 O-O 11. Qe2 Nh5 12. Rfb1 Nf4 13. Qd2 Ne6 14. Bh6 Qf6 15.
Ne2 Rd8 16. Bxg7 Nxg7 17. Qe3 Ne6 18. b4 Ba6 19. bxc5 Nxc5 20. a4 Ne6 21. a5 b5
22. Nd2 c5 23. Nc3 Nd4 24. Nd5 Qd6 25. Rb2 Bb7 26. c3 Nf5 27. Qf3 Bxd5 28. exd5
Qxd5 29. Qxd5 Rxd5 30. Rxb5 Nd6 31. Ne4 Rxd3 32. Nxd6 Rxd6 33. Rab1 Rc6 34. Rb7
Kg7 35. Re7 Re6 36. Rxe6 fxe6 37. Rb5 Rc8 38. Rb7+ Kf6 39. Rxa7 Kf5 40. a6 Rc6
41. Kf1 Ke4 42. Ke2 Rb6 43. f3+ Kd5 44. Kd3 c4+ 45. Kc2 e4 46. Ra8 exf3 47.
gxf3 Ke5 48. a7 Ra6 49. Kd2 Ra3 50. h4 h6 51. Ke2 Ra1 52. Ke3 Re1+ 53. Kd2 Ra1
54. Ke2 Ra3 55. Kf2 Ra1 56. Kg2 Ra2+ 57. Kg3 Ra1 58. f4+ Ke4 59. Re8 Rxa7 60.
Rxe6+ Kd3 61. Rxg6 Kxc3 62. f5 Kd4 63. Kf4 c3 64. Rd6+ Kc5 65. Rd1 Ra4+ 66. Ke5
Rxh4 67. f6 Rh2 68. Rf1 Re2+ 69. Kf5 Re8 70. f7 Rf8 71. Kg6 Kd4 72. Kxh6
1/2-1/2

[Event "FRA-chT1 0910"]
[Site "France"]
[Date "2009.10.18"]
[Round "3.4"]
[White "Schultz, Raphael"]
[Black "Guerin, Gilles"]
[Result "1-0"]
[WhiteElo "2195"]
[BlackElo "2227"]
[PlyCount "89"]
[EventDate "2009.09.27"]
[EventType "team-match"]
[EventRounds "11"]
[EventCountry "FRA"]
[Source "ChessBase"]
[SourceDate "2010.02.25"]

1. d4 Nf6 2. c4 d6 3. Nc3 Nbd7 4. Nf3 e5 5. g3 g6 6. Bg2 Bg7 7. O-O O-O 8. Qc2
c6 9. Rd1 Qe7 10. b3 Re8 11. e3 Bf8 12. Ba3 exd4 13. exd4 Qd8 14. Re1 Nb6 15.
Nh4 Bg4 16. h3 Be6 17. Rad1 d5 18. Bxf8 Kxf8 19. c5 Nc8 20. Nf3 Kg7 21. Ne5 Nh5
22. Qd2 h6 23. Re2 Qg5 24. Qxg5 hxg5 25. Rc1 Nf6 26. g4 a6 27. Nf3 Nh7 28. Bf1
Na7 29. a4 a5 30. Re3 Rab8 31. Bd3 b6 32. cxb6 Rxb6 33. Bc2 Rc8 34. Ne2 c5 35.
dxc5 Rxc5 36. Ned4 Kf6 37. Ne5 Kg7 38. Bxg6 Nf8 39. Bf5 Rb4 40. Nd3 Rxd4 41.
Nxc5 Bxf5 42. gxf5 Kf6 43. Re8 Nh7 44. Ra8 Nc6 45. Ra6 1-0

[Event "FRA-chT1 0910"]
[Site "France"]
[Date "2009.10.18"]
[Round "3.5"]
[White "Villegas, Pierre"]
[Black "Riff, Sebastien"]
[Result "0-1"]
[WhiteElo "2236"]
[BlackElo "2271"]
[PlyCount "50"]
[EventDate "2009.09.27"]
[EventType "team-match"]
[EventRounds "11"]
[EventCountry "FRA"]
[Source "ChessBase"]
[SourceDate "2010.02.25"]

1. d4 Nf6 2. c4 g6 3. Nc3 Bg7 4. e4 d6 5. Nge2 Nh5 6. Be3 e5 7. d5 f5 8. exf5
gxf5 9. Ng3 Nxg3 10. hxg3 Qe7 11. Qh5+ Qf7 12. Bd3 e4 13. Bc2 a6 14. O-O-O Nd7
15. Ba4 Kf8 16. Bxd7 Bxd7 17. Bd4 Bxd4 18. Rxd4 Qg7 19. Rhd1 Re8 20. Qe2 b5 21.
cxb5 axb5 22. Rb4 e3 23. f3 Rg8 24. Rh4 Re7 25. Rf4 Qg6 0-1

[Event "FRA-chT1 0910"]
[Site "France"]
[Date "2009.10.18"]
[Round "3.6"]
[White "Borzakian, Manouk"]
[Black "Dubois, Jean Marie"]
[Result "1/2-1/2"]
[WhiteElo "2253"]
[BlackElo "2248"]
[PlyCount "123"]
[EventDate "2009.09.27"]
[EventType "team-match"]
[EventRounds "11"]
[EventCountry "FRA"]
[Source "ChessBase"]
[SourceDate "2010.02.25"]

1. e4 b6 2. d4 Bb7 3. Nc3 e6 4. f4 Bb4 5. Bd3 f5 6. Qe2 fxe4 7. Bxe4 Bxe4 8.
Qxe4 Nc6 9. Nf3 Nf6 10. Qd3 O-O 11. O-O Ne7 12. Ne2 Nf5 13. Bd2 Bxd2 14. Nxd2
d5 15. Qh3 Qe7 16. c3 c5 17. Rae1 Qd7 18. g4 Nd6 19. g5 Nfe4 20. Nxe4 Nxe4 21.
Ng3 cxd4 22. cxd4 Rac8 23. Nxe4 dxe4 24. Rxe4 Rf5 25. Qb3 Rb5 26. Qxe6+ Qxe6
27. Rxe6 Rxb2 28. Rf2 Rc1+ 29. Kg2 Rcc2 30. Rxc2 Rxc2+ 31. Kf3 Rxa2 32. Re7 a5
33. Rb7 a4 34. Rxb6 Rxh2 35. Ra6 a3 36. Ke4 a2 37. Ra7 Kf8 38. Ke5 Re2+ 39. Kd6
Rf2 40. Ke6 Re2+ 41. Kd6 Rf2 42. d5 Rxf4 43. Rxa2 Kf7 44. Kc7 Rc4+ 45. Kd7 Kg6
46. Rg2 Rc1 47. d6 Re1 48. Kd8 h5 49. gxh6+ Kxh6 50. Rh2+ Kg5 51. d7 Rd1 52.
Rg2+ Kf6 53. Rc2 g5 54. Kc7 Kf5 55. d8=Q Rxd8 56. Kxd8 g4 57. Ke7 g3 58. Kf7
Kg4 59. Kf6 Kf3 60. Kg5 g2 61. Rc1 Kf2 62. Kf4 1/2-1/2

[Event "FRA-chT1 0910"]
[Site "France"]
[Date "2009.10.18"]
[Round "3.6"]
[White "Lamoureux, Isabelle"]
[Black "Jeannerot, Lea"]
[Result "1/2-1/2"]
[WhiteElo "2086"]
[BlackElo "2019"]
[PlyCount "133"]
[EventDate "2009.09.27"]
[EventType "team-match"]
[EventRounds "11"]
[EventCountry "FRA"]
[Source "ChessBase"]
[SourceDate "2010.02.25"]

1. e4 c6 2. d4 d5 3. e5 Bf5 4. Nf3 e6 5. Be2 c5 6. c3 Nc6 7. a3 Qb6 8. b4 cxd4
9. cxd4 Rc8 10. O-O Nge7 11. Be3 Bg6 12. Nbd2 Nf5 13. Nb3 Be7 14. Qd2 O-O 15.
Rfd1 Nxe3 16. Qxe3 Bc2 17. Rd2 Bxb3 18. Qxb3 Na5 19. Qa4 Nc4 20. Rc2 Rc7 21.
Rac1 Rfc8 22. Qb3 Na5 23. Qd3 Rxc2 24. Rxc2 Rxc2 25. Qxc2 Nc6 26. Qd3 a6 27.
Bd1 Na7 28. Bc2 g6 29. h4 a5 30. bxa5 Qxa5 31. a4 Nc6 32. h5 Qc7 33. hxg6 hxg6
34. Qd2 Kg7 35. Bd3 Na5 36. Bb5 Bd8 37. Nh2 Nb3 38. Qe3 Qc1+ 39. Qxc1 Nxc1 40.
f4 Bb6 41. Nf3 Nb3 42. Kf2 Bxd4+ 43. Nxd4 Nxd4 44. Bd7 b6 45. Ke3 Nb3 46. Bb5
f6 47. Kd3 fxe5 48. fxe5 g5 49. Kc3 Na5 50. Kb4 Kf7 51. Be2 Nc6+ 52. Kb5 Nxe5
53. Kxb6 Ke7 54. a5 Nc4+ 55. Kb5 Nxa5 56. Kxa5 Kd6 57. Kb4 e5 58. Kc3 Kc5 59.
Kd3 Kb4 60. Bf3 Kc5 61. Be2 Kb4 62. Bd1 Kc5 63. Bb3 Kd6 64. Ke3 Ke6 65. Bc2 Kf6
66. Bb3 Ke6 67. Bc2 1/2-1/2

[Event "FRA-chT1 0910"]
[Site "France"]
[Date "2009.10.18"]
[Round "3.6"]
[White "Nass, Emile"]
[Black "Robert, Bastien"]
[Result "1/2-1/2"]
[WhiteElo "2220"]
[BlackElo "2035"]
[PlyCount "113"]
[EventDate "2009.09.27"]
[EventType "team-match"]
[EventRounds "11"]
[EventCountry "FRA"]
[Source "ChessBase"]
[SourceDate "2010.02.25"]

1. d4 Nf6 2. Nf3 d5 3. c4 g6 4. cxd5 Bg7 5. Qa4+ c6 6. dxc6 Nxc6 7. e3 O-O 8.
Nc3 a6 9. Be2 b5 10. Nxb5 Bd7 11. Nc3 e5 12. Qd1 e4 13. Nd2 Qa5 14. O-O Rfe8
15. f3 exf3 16. Bxf3 Rad8 17. Nb3 Qc7 18. Nc5 Bc8 19. Bd2 h5 20. Bxc6 Qxc6 21.
h3 Nd7 22. Nxd7 Rxd7 23. Qf3 Qc4 24. d5 f5 25. Rad1 Bb7 26. Qf4 Qc5 27. Qg5 Kh7
28. Kh1 Bxd5 29. Nxd5 Rxd5 30. Bc1 Rxd1 31. Rxd1 Qc2 32. Rf1 Bxb2 33. Bxb2 Qxb2
34. Rd1 Qg7 35. Rd3 Rb8 36. Qf4 Rb5 37. Rd2 g5 38. Qd4 Qxd4 39. exd4 Rd5 40. g3
Kg6 41. Kg2 Kf6 42. h4 g4 43. Kf2 f4 44. gxf4 Kf5 45. Ke3 Rd8 46. d5 Re8+ 47.
Kf2 Kxf4 48. d6 Rd8 49. Rd5 Ke4 50. Rxh5 Rxd6 51. Kg3 Rd3+ 52. Kxg4 Ra3 53. Rh8
Rxa2 54. Re8+ Kd5 55. h5 Rg2+ 56. Kf5 Rf2+ 57. Kg6 1/2-1/2

[Event "FRA-chT1 0910"]
[Site "France"]
[Date "2009.10.18"]
[Round "3.7"]
[White "Bressac, Stephane"]
[Black "Gentilleau, Jean Philippe"]
[Result "1/2-1/2"]
[WhiteElo "2153"]
[BlackElo "2184"]
[PlyCount "116"]
[EventDate "2009.09.27"]
[EventType "team-match"]
[EventRounds "11"]
[EventCountry "FRA"]
[Source "ChessBase"]
[SourceDate "2010.02.25"]

1. e4 g6 2. d4 Bg7 3. Nc3 c6 4. Be3 d5 5. Qd2 dxe4 6. Nxe4 Nd7 7. O-O-O Ngf6 8.
Nxf6+ Nxf6 9. f3 Nd5 10. Bh6 Bxh6 11. Qxh6 Qd6 12. c4 Nf6 13. Ne2 Be6 14. Nc3
O-O-O 15. Qe3 Kb8 16. a3 Rc8 17. Be2 Rhd8 18. g3 h5 19. Rhe1 Bf5 20. Bd3 Bxd3
21. Rxd3 Rd7 22. Red1 Rcd8 23. Kb1 e6 24. Qg5 Qe7 25. Qe5+ Rc7 26. Na4 Nd7 27.
Qe3 Qf6 28. f4 Qf5 29. Ka1 Qa5 30. Nc5 Rcc8 31. Ka2 Qc7 32. b4 Nxc5 33. dxc5
Rxd3 34. Qxd3 a5 35. Kb3 b6 36. cxb6 Qxb6 37. c5 Qb7 38. Qd7 Rc7 39. Qe8+ Ka7
40. Rd8 axb4 41. axb4 Rd7 42. Ra8+ Qxa8 43. Qxd7+ Qb7 44. Qxb7+ Kxb7 45. Kc4
Ka6 46. h3 f6 47. g4 h4 48. g5 fxg5 49. fxg5 e5 50. Kd3 Kb5 51. Ke4 Kxb4 52.
Kxe5 Kxc5 53. Kf6 Kd4 54. Kxg6 c5 55. Kh5 c4 56. g6 c3 57. g7 c2 58. g8=Q c1=Q
1/2-1/2

[Event "FRA-chT1 0910"]
[Site "France"]
[Date "2009.10.18"]
[Round "3.8"]
[White "Dikant, Christophe"]
[Black "Pecqueux, Edouard"]
[Result "0-1"]
[WhiteElo "2019"]
[BlackElo "1841"]
[PlyCount "151"]
[EventDate "2009.09.27"]
[EventType "team-match"]
[EventRounds "11"]
[EventCountry "FRA"]
[Source "ChessBase"]
[SourceDate "2010.02.25"]

1. d4 d5 2. Nf3 Nf6 3. Bf4 c6 4. e3 Bf5 5. Be2 e6 6. O-O Bd6 7. Ne5 O-O 8. Nd2
Bc7 9. c4 dxc4 10. Bxc4 Nbd7 11. Nxd7 Qxd7 12. Bxc7 Qxc7 13. Nf3 h6 14. b4 Rad8
15. Qb3 Be4 16. Ne5 Bd5 17. Rfc1 Ne4 18. Bxd5 exd5 19. Rc2 a6 20. Nd3 Qe7 21.
Nc5 Nd6 22. a4 Rfe8 23. h3 g5 24. Nd3 f6 25. Rca2 Kg7 26. Nc1 h5 27. Ne2 Rh8
28. Nc3 g4 29. h4 g3 30. Re1 gxf2+ 31. Rxf2 f5 32. g3 Rhg8 33. Kh2 Kh6 34. Rg2
Rg4 35. Qd1 Rdg8 36. Qc1 Ne4 37. Nxe4 fxe4 38. Qd2 Qd6 39. Qf2 Rxh4+ 40. Kg1
Rhg4 41. Rf1 Rxg3 42. Qf6+ Qxf6 43. Rxf6+ R3g6 44. Kh1 R8g7 45. Rgf2 Rxf6 46.
Rxf6+ Kg5 47. Rf8 Kg4 48. Kg2 h4 49. Rh8 Rf7 50. Rg8+ Kh5 51. Rh8+ Kg5 52. Rg8+
Kh6 53. Rh8+ Rh7 54. Rb8 Kg6 55. Kh3 Kf6 56. Re8 Rg7 57. Kxh4 Rg1 58. Rb8 Re1
59. Rxb7 Rxe3 60. Rb6 Rc3 61. Rxa6 Kf5 62. b5 cxb5 63. axb5 Rb3 64. Ra5 Kf4 65.
b6 Rxb6 66. Kh3 Kf3 67. Kh4 Rd6 68. Kg5 Ke3 69. Ra4 Kd3 70. Kf5 e3 71. Ke5 Rd8
72. Ra3+ Ke2 73. Kf4 Re8 74. Kg3 Rf8 75. Ra5 Kd2 76. Ra2+ 0-1

[Event "FRA-chT1 0910"]
[Site "France"]
[Date "2009.10.18"]
[Round "3.8"]
[White "Lebel Arias, Julia"]
[Black "Brih, Touatia"]
[Result "0-1"]
[WhiteElo "1953"]
[BlackElo "1939"]
[PlyCount "56"]
[EventDate "2009.09.27"]
[EventType "team-match"]
[EventRounds "11"]
[EventCountry "FRA"]
[Source "ChessBase"]
[SourceDate "2010.02.25"]

1. d4 d5 2. f4 e6 3. Nf3 Nf6 4. e3 c5 5. c3 Nc6 6. Bd3 cxd4 7. exd4 Qc7 8. Qe2
Be7 9. O-O h5 10. Ne5 Nd7 11. Nd2 Ndxe5 12. fxe5 Bg5 13. Nf3 Bxc1 14. Raxc1 Qe7
15. Qe3 Rh6 16. Rce1 Nd8 17. Qg5 Qxg5 18. Nxg5 f6 19. exf6 gxf6 20. Nf3 Nc6 21.
Re3 Bd7 22. a4 Kd8 23. b4 Rc8 24. a5 Ke7 25. Ra1 a6 26. Rae1 Re8 27. Bf5 Kd6
28. Nh4 e5 0-1

[Event "FRA-chT1 0910"]
[Site "France"]
[Date "2009.11.21"]
[Round "4.1"]
[White "Pham Minh Hoang"]
[Black "Spraggett, Kevin"]
[Result "1/2-1/2"]
[WhiteElo "2486"]
[BlackElo "2594"]
[PlyCount "145"]
[EventDate "2009.09.27"]
[EventType "team-match"]
[EventRounds "11"]
[EventCountry "FRA"]
[Source "ChessBase"]
[SourceDate "2010.02.25"]
[WhiteTeam "Sautron"]
[BlackTeam "Gif/yvette"]

1. e4 Nf6 2. e5 Nd5 3. d4 d6 4. Nf3 g6 5. Bc4 c6 6. O-O Bg7 7. exd6 Qxd6 8. Nc3
({RR} 8. Bb3 b5 9. a4 b4 10. c4 bxc3 11. bxc3 O-O 12. Ba3 Qc7 13. c4 Nf6 14.
Re1 Re8 15. Nc3 Na6 16. Ra2 Bg4 17. h3 Bxf3 18. Qxf3 Rab8 19. Rb2 e6 20. Rbb1
Nb4 21. Bc1 Nd7 22. Bf4 e5 {Pham Minh Hoang (2347)-Hoang Nam Thang/Can Tho
2001/EXT 2004/1-0 (42)}) 8... O-O 9. Qe2 $146 ({RR} 9. h3 Nd7 10. Re1 e6 11.
Bg5 h6 12. Bh4 Qb4 13. Nxd5 cxd5 14. Bb3 a5 15. c3 Qb6 16. Rb1 Qc6 17. a3 b5
18. Ne5 Nxe5 19. dxe5 Bb7 20. Qd4 Rfe8 21. Rbd1 Rac8 22. Re3 Qc5 23. Qg4 {1/
2-1/2 Broekhuijse,P-Wohl,A (2438)/Canberra 2000/EXT 2001}) 9... Bg4 10. Ne4 Qc7
11. c3 Nd7 12. Neg5 e6 13. h3 Bxf3 14. Qxf3 b5 15. Bb3 h6 16. Ne4 f5 17. Ng3
N7f6 18. Re1 Rae8 19. Bd2 Kh8 20. a4 a6 21. Qd3 Re7 22. axb5 axb5 23. Ra6 Qb7
24. Rea1 Rfe8 25. Bd1 Rd7 26. Qc2 e5 27. dxe5 Rxe5 28. Bf3 Rde7 29. h4 h5 30.
b3 Kh7 31. c4 bxc4 32. bxc4 Nb4 33. Bxb4 Qxb4 34. Rxc6 Re1+ 35. Rxe1 Rxe1+ 36.
Kh2 Qe7 37. Nxf5 Qe5+ 38. Ng3 Qf4 39. Kh3 Ne4 40. Qxe4 $3 {Un superbe
sacrifice et après Ng5, le K noir est trés exposé} Rxe4 41. Nxe4 Kh6 42. Ng5 {
[%csl Gg5]} Bf6 $1 43. g3 Qf5+ 44. Kg2 Bxg5 45. hxg5+ Kxg5 46. Rd6 $1 {[%csl
Rf5][%cal Gd6d5,Gd5g5,Rc4c5]} Kh6 47. Rd5 Qf6 48. c5 h4 49. gxh4 Qxh4 50. c6
Qc4 51. Rd7 $16 {[%cal Gf3c6,Gc6c7]} Qb5 52. Rd4 Qg5+ 53. Rg4 Qc5 54. Be4 g5
55. Rg3 (55. f4 $6 gxf4 56. Rxf4 Qe3 57. Rg4 Qe2+ 58. Kh3 Qe3+ {[%csl Re4]})
55... Qc4 56. Re3 g4 57. Kh2 Qf1 58. Kg3 Qh3+ 59. Kf4 Qh2+ 60. Kxg4 Qxf2 61.
Rh3+ Kg7 62. c7 $13 {le K blancs ne peut pas trouver un abri et les noirs
forcent la nulle.} Qe2+ 63. Kf4 Qf1+ 64. Kg4 Qe2+ 65. Kg5 Qd2+ 66. Kh5 Qe2+ 67.
Kg5 Qd2+ 68. Kh5 Qe2+ 69. Kg5 Qd2+ 70. Kg4 Qe2+ 71. Kg3 Qc4 72. Rh7+ Kf6 73.
Kf4 1/2-1/2

[Event "FRA-chT1 0910"]
[Site "France"]
[Date "2009.11.21"]
[Round "4.2"]
[White "Do, Huu Thi"]
[Black "Jablonski, Noham"]
[Result "1/2-1/2"]
[WhiteElo "2195"]
[BlackElo "2312"]
[PlyCount "128"]
[EventDate "2009.09.27"]
[EventType "team-match"]
[EventRounds "11"]
[EventCountry "FRA"]
[Source "ChessBase"]
[SourceDate "2010.02.25"]

1. e3 Nf6 2. f4 g6 3. Nf3 Bg7 4. Be2 O-O 5. O-O c5 6. d3 d5 7. Ne5 Nfd7 8. d4
e6 9. c3 Qb6 10. Nd3 Nc6 11. Kh1 c4 12. Nf2 Qc7 13. b3 b5 14. a4 Na5 15. b4 Nb3
16. Ra3 bxa4 17. Rxa4 Nb6 18. Ra3 Bd7 19. Nd2 Ba4 20. Qe1 f6 21. Nxb3 Bxb3 22.
Ra5 e5 23. Qd2 exf4 24. e4 g5 25. Bg4 Rae8 26. Bf5 dxe4 27. Nxe4 Nc8 28. Nc5
Qd6 29. Qf2 Re7 30. Qf3 Rfe8 31. Ne4 Rxe4 32. Bxe4 Qe7 33. Bd5+ Kh8 34. Bc6 Rd8
35. Bd2 Nd6 36. Re1 Qf7 37. Rd5 Bc2 38. Qe2 Bf8 39. Qe6 Qg6 40. b5 Kg7 41. Ra1
Bf5 42. Rxa7+ Kh6 43. Rxf5 Qxf5 44. Qxf5 Nxf5 45. Be4 Ng7 46. Ra8 Rxa8 47. Bxa8
Nf5 48. Bd5 Ne3 49. Be6 Bd6 50. Kg1 Bc7 51. Kf2 Nd1+ 52. Ke2 Nb2 53. h3 Kg6 54.
Bc1 Na4 55. Bxc4 Nxc3+ 56. Kd3 Na4 57. Ba3 f5 58. Bb3 Nb6 59. Ke2 h5 60. Kf2 g4
61. Bb4 Nc8 62. Be6 Nd6 63. Bxd6 Bxd6 64. b6 Kf6 1/2-1/2

[Event "FRA-chT1 0910"]
[Site "France"]
[Date "2009.11.21"]
[Round "4.2"]
[White "Mullon, Jean Baptiste"]
[Black "Glavina Rossi, Pablo"]
[Result "1-0"]
[WhiteElo "2368"]
[BlackElo "2461"]
[PlyCount "145"]
[EventDate "2009.09.27"]
[EventType "team-match"]
[EventRounds "11"]
[EventCountry "FRA"]
[Source "ChessBase"]
[SourceDate "2010.02.25"]
[WhiteTeam "Clichy"]

1. e4 e5 2. Nf3 Nc6 3. Bb5 a6 4. Ba4 Nf6 5. O-O Bc5 6. c3 b5 7. Bb3 d6 8. a4
Bg4 9. h3 Bxf3 10. Qxf3 O-O 11. axb5 axb5 12. Rxa8 Qxa8 13. d3 Kh8 14. Bg5 Ng8
15. Bd5 Qe8 16. b4 Bb6 17. Be3 Bxe3 18. Qxe3 Nce7 19. Bb3 f5 20. exf5 Nxf5 21.
Qe4 Nge7 22. Nd2 Ng6 23. g3 c6 24. Ra1 d5 25. Qe2 Qd8 26. Nf1 Qg5 27. Ra6 Nfh4
28. Nh2 Nf5 29. Nf1 Nfh4 30. Nh2 e4 31. dxe4 dxe4 32. Qe3 Nf3+ 33. Nxf3 Qxe3
34. fxe3 exf3 35. Rxc6 Ne5 36. Rd6 f2+ 37. Kf1 Nf3 38. Kxf2 Nd4+ 39. Ke1 Nxb3
40. Kd1 g5 41. Kc2 Na1+ 42. Kb2 Rf3 43. Rd5 Rxg3 44. Rxb5 h5 45. h4 Kg7 46.
Kxa1 gxh4 47. Rxh5 Rg4 48. Kb2 Kg6 49. Rh8 Kg7 50. Rh5 Kg6 51. Rh8 Kg7 52. Rd8
h3 53. Rd1 h2 54. Rh1 Rg2+ 55. Kb3 Kf6 56. Kc4 Ke6 57. Kc5 Kd7 58. c4 Kc7 59.
Kb5 Rg5+ 60. c5 Rh5 61. e4 Rh6 62. Kc4 Rh4 63. Kd5 Rh5+ 64. e5 Rh8 65. b5 Rd8+
66. Ke6 Rh8 67. Kf6 Rh6+ 68. Kg5 Re6 69. Kf5 Rh6 70. e6 Kd8 71. b6 Ke7 72. b7
Rf6+ 73. Ke5 1-0

[Event "FRA-chT1 0910"]
[Site "France"]
[Date "2009.11.21"]
[Round "4.2"]
[White "Sulava, Nenad"]
[Black "Bensdorp, Marlies"]
[Result "1-0"]
[WhiteElo "2540"]
[BlackElo "2322"]
[PlyCount "183"]
[EventDate "2009.09.27"]
[EventType "team-match"]
[EventRounds "11"]
[EventCountry "FRA"]
[Source "ChessBase"]
[SourceDate "2010.02.25"]
[WhiteTeam "La Tour Hyéroise"]
[BlackTeam "Clichy"]

1. d4 d5 2. c4 e6 3. Nf3 c6 4. Bg5 Nf6 5. e3 Nbd7 6. cxd5 exd5 7. Nc3 Bd6 8.
Bd3 O-O 9. Qc2 Qc7 10. g4 h6 11. Bxf6 Nxf6 12. g5 hxg5 13. Nxg5 Bg4 14. f3 Bh5
15. O-O-O Rfe8 16. Rde1 Rxe3 17. Rxe3 Bf4 18. Qd2 Bxg5 19. Rg1 Bxe3 20. Qxe3
Qxh2 21. Qg5 g6 22. Ne2 Re8 23. Rg2 Nh7 24. Qg3 Qxg3 25. Rxg3 Re3 26. Nf4 Nf6
27. Kd2 Re8 28. b4 Kf8 29. a4 b6 30. Be2 Ke7 31. Rg1 Kd6 32. Nd3 Nd7 33. Nf4
Nf6 34. Nd3 Re7 35. Rc1 g5 36. b5 Rc7 37. Rg1 cxb5 38. axb5 Nh7 39. Rh1 Bg6 40.
Ne5 Bf5 41. Ra1 Nf8 42. Nc6 Bd7 43. Nxa7 Ne6 44. Ke3 Rc3+ 45. Kd2 Rb3 46. Ra4
Nf4 47. Bd1 Rb2+ 48. Kc3 Rb1 49. Kc2 Bf5+ 50. Kd2 Nd3 51. Ra6 Kc7 52. Nc6 Rxb5
53. Ne7 Nb4 54. Ra7+ Kb8 55. Ra4 Bd7 56. Be2 Nd3 57. Bxd3 Rb2+ 58. Kc3 Bxa4 59.
Kxb2 Bd1 60. Nxd5 Bxf3 61. Nxb6 Kc7 62. Nc4 Bd5 63. Ne3 Bf3 64. Kc3 g4 65. Kd2
Kd6 66. Be2 Be4 67. Bxg4 Bh1 68. Kd3 Bb7 69. Nc4+ Ke7 70. Ke3 Bd5 71. Nb6 Bb3
72. Be2 Be6 73. Bc4 Bh3 74. Nd5+ Ke8 75. Kf4 Bg2 76. Nf6+ Ke7 77. Ke5 Bc6 78.
Bd3 Bb7 79. Be4 Ba6 80. d5 Bb5 81. d6+ Kd8 82. Bd5 Ba4 83. Bxf7 Bb5 84. Ne4 Ba4
85. Nc5 Bc6 86. Kd4 Kc8 87. Be6+ Kd8 88. Kc4 Ke8 89. Kb4 Kd8 90. Ka5 Ba8 91.
Kb6 Bf3 92. Nb7+ 1-0